000
00256nam a22000977a 4500
999
_c
521566
_d
521566
082
_a
TNC B142 B229
100
_a
Bapna, Ashok
_9
35437
245
_a
Women In Development : Gender and Equity
260
_a
New delhi
_b
Rajasthan Chapter SID
_c
1988
300
_a
85P.